000
00216 a2200097 4500
001
7734
100
_a
Milne-Thomson, L.M
245
_a
Jacobian elliptic function fables
260
_a
_b
Dover
_c
090
_c
6191
_d
6191
942
_a
NUST-CAE
_c
M
_c
32702
999
_c
242807
_d
242807